000 00708cam a2200205 a 4500
999 _c927
_d927
001 767
003 BD-DhUAP
005 20200129105159.0
008 200129s19941992at r 000 0 eng
020 _a10380701
040 _aDLC
_cDLC
_dBD-DhUAP
_bEng
082 0 0 _a338.7092294 WHO
_223
245 0 0 _aWho's who in business in Australia :
_ba biographical dictiononary and register of prominent people within business and industry in Australia.
250 _aIIrd ed.
260 _aMelbourne, VIC :
_bInformation Australia,
_cc1992 [Reprinted 1994].
300 _a1391 pages ;
_c23 cm.
650 0 _aBusinesspeople
_zAustralia
_xDirectories.
650 0 _aBusinesswomen
_zAustralia
_xDirectories.
942 _2ddc
_cBK